| 000 | 00487nam a2200193Ia 4500 | ||
|---|---|---|---|
| 999 |
_c5108 _d5108 |
||
| 020 | _a81-7917-073-X | ||
| 082 | _a306.6 SHR-D | ||
| 100 | _aShrimali, Krishna Mohan | ||
| 245 | 0 | _aDharam, samaj aur sanskriti | |
| 260 |
_aDelhi _bGrantha Shilpi _c2005 |
||
| 300 | _a264 | ||
| 504 | _aincludes index | ||
| 650 |
_aReligion and culture _zIndia |
||
| 650 |
_aReligion _vPhilosophy |
||
| 650 |
_aHinduism _vRelations _zIndia |
||
| 650 |
_aCulture _zIndia |
||
| 650 | _aDharma | ||
| 942 | _cBK | ||